000 00242nam a2200097 a 4500
005 20200930070513.0
008 110908s2004 000 spa d
245 0 _aObras escogidas de Jovellanos.
260 _aParĂ­s,
_c[s.f.].
999 _c33258
_d33258
040 _aDO-SdBNP